Convertidores de par o transmisiones

Збережено в:
Бібліографічні деталі
Автор: Heldt, P. M (Автор)
Формат: Книга
Мова:Іспанська
Опубліковано: Madrid Aguilar 1953
Предмети:
Теги: Додати тег
Немає тегів, Будьте першим, хто поставить тег для цього запису!

MARC

LEADER 00000nam a2200000 a 4500
001 UCZ4409
003 CL-VaPUC
008 951109e19530000SP |||||||||||||||||spa|d
082 0 4 |a 621.319  |b HEL  |2 21 
100 |a Heldt, P. M  |e author  |9 427659 
245 1 0 |a Convertidores de par o transmisiones 
300 |a 486 p 
942 |c BK 
945 |d 19951109 00:00:00  |a rleighto 
260 |a Madrid  |b Aguilar  |c 1953 
650 0 |a Mecánica   |9 260096 
650 0 |a Convertidores  |9 348439 
650 0 |a Transformadores eléctricos   |9 263198 
583 |a last modification  |c 19951109 00:00:00  |k Rodrigo Vera 
999 |c 240801  |d 240799